000
00303nam a22001337a 4500
008
171004b xxu||||| |||| 00| 0 eng d
020
_a
9780495186786
041
_a
eng
080
_2
7TH
_a
159.9
100
_a
48
101
_a
PSI
245
_a
DEVELOPMENTAL PSYCHOLOGY
_c
SHAFFER,D.R
942
_2
udc
_c
BK
999
_c
31699
_d
31699